[Event "Bergamo op 12th"]
[Site "Bergamo"]
[Date "2013.07.19"]
[Round "2"]
[White "Bonassi, Tommaso"]
[Black "Campini, Marco"]
[Result "0-1"]
[WhiteElo "1944"]
[BlackElo "2072"]
[PlyCount "94"]
[EventDate "2013.07.19"]
[EventType "swiss"]
[EventRounds "6"]
[EventCountry "ITA"]
[SourceTitle "EXT 2024"]
[Source "ChessBase"]
[SourceDate "2023.10.10"]
[SourceVersion "1"]
[SourceVersionDate "2023.10.10"]
[SourceQuality "1"]

1. e4 c5 2. Nf3 d6 3. d4 cxd4 4. Nxd4 Nf6 5. Nc3 a6 6. Be2 e6 7. 0-0 Qc7 8. a4 b6 9. f4 Bb7 10. Bf3 Nbd7 11. Kh1 Be7 12. Nb3 0-0 13. Qe1 Ne8 14. g4 Rc8 15. Qg3 Bf6 16. Bd2 g5 17. fxg5 Bg7 18. Bg2 Ne5 19. Ne2 Qxc2 20. Rac1 Qxb2 21. Rxc8 Bxc8 22. Nf4 Nc4 23. Bc1 Qe5 24. Qf2 Bb7 25. Qe2 b5 26. axb5 axb5 27. Nh5 Bh8 28. Nd2 Qc3 29. Nxc4 bxc4 30. Nf6+ Bxf6 31. gxf6 Kh8 32. g5 Nc7 33. Bb2 Qb3 34. Rf3 c3 35. Rxc3 Ba6 36. Qd2 Qb6 37. Rh3 e5 38. Bf3 Qb5 39. Qf2 Ne6 40. Rg3 Nf4 41. Bc3 Rc8 42. Bd2 Rc2 43. Rg1 Qd3 44. g6 Nxg6 45. Rxg6 hxg6 46. Be2 Qxe2 47. Qh4+ Qh5 0-1

[Event "BCF-ch Weekend Atkins"]
[Site "North Shields"]
[Date "2012.07.28"]
[Round "3.25"]
[White "Campini, Marco"]
[Black "Reynolds, Mark A"]
[Result "1-0"]
[WhiteElo "2104"]
[BlackElo "1960"]
[PlyCount "101"]
[EventDate "2012.07.27"]
[EventType "swiss"]
[EventRounds "5"]
[EventCountry "ENG"]
[SourceTitle "EXT 2023"]
[Source "ChessBase"]
[SourceDate "2022.10.05"]
[SourceVersion "1"]
[SourceVersionDate "2022.10.05"]
[SourceQuality "1"]

1. e4 e6 2. d4 d5 3. e5 c5 4. c3 Nc6 5. Nf3 Bd7 6. a3 f6 7. exf6 Nxf6 8. b4 c4 9. Bg5 Qc7 10. Bxf6 gxf6 11. g3 Bg7 12. Bg2 0-0-0 13. 0-0 Ne7 14. a4 Kb8 15. Na3 Nf5 16. Nc2 Nd6 17. Nh4 Be8 18. Re1 Bf7 19. Ne3 Nc8 20. Qb1 Ne7 21. a5 Rd6 22. b5 Qd8 23. Qb4 Ng6 24. Nf3 h5 25. h4 Bf8 26. Qb2 Be7 27. Nc2 Ka8 28. a6 b6 29. Rab1 Be8 30. Re2 Rg8 31. Qc1 Nf8 32. Rb2 Bg6 33. Nb4 Be4 34. Rxe4 dxe4 35. Nd2 f5 36. Nxc4 Bxh4 37. Qf4 Be7 38. Nc6 Rxc6 39. bxc6 Ng6 40. c7 Qd5 41. Nxb6+ axb6 42. Qh6 Ka7 43. Qxg6 Rc8 44. Bf1 Rxc7 45. Rb5 Qd6 46. Re5 Qa3 47. Rxe6 Qxc3 48. Qxf5 h4 49. Qxe4 Bd8 50. Re8 Qa1 51. Rxd8 1-0

[Event "BCF-ch Weekend Atkins"]
[Site "North Shields"]
[Date "2012.07.28"]
[Round "2.24"]
[White "Edwards, Simon R"]
[Black "Campini, Marco"]
[Result "1-0"]
[WhiteElo "1955"]
[BlackElo "2104"]
[PlyCount "105"]
[EventDate "2012.07.27"]
[EventType "swiss"]
[EventRounds "5"]
[EventCountry "ENG"]
[SourceTitle "EXT 2023"]
[Source "ChessBase"]
[SourceDate "2022.10.05"]
[SourceVersion "1"]
[SourceVersionDate "2022.10.05"]
[SourceQuality "1"]

1. e4 d6 2. d4 g6 3. Nc3 Bg7 4. Bg5 h6 5. Be3 Nf6 6. f3 c6 7. Qd2 Qc7 8. Bc4 b5 9. Bd3 a5 10. Nge2 Ba6 11. Nd1 c5 12. c3 c4 13. Bc2 e5 14. Nf2 Nbd7 15. 0-0 h5 16. f4 Ng4 17. Nxg4 hxg4 18. fxe5 dxe5 19. d5 Bf8 20. Ng3 Bc8 21. Qf2 Rh7 22. Rad1 Ra6 23. a4 b4 24. cxb4 axb4 25. b3 cxb3 26. Bxb3 Rf6 27. Qc2 Rxf1+ 28. Nxf1 Qxc2 29. Bxc2 Bc5 30. Rb1 Bd6 31. Nd2 Ba6 32. Nb3 f6 33. Rc1 Bc7 34. Bd1 Kd8 35. Bxg4 Nb6 36. Nc5 Bc8 37. Bxc8 Kxc8 38. a5 Na8 39. a6 Kb8 40. Nd3 Bd6 41. Nxb4 Rc7 42. Nc6+ Kc8 43. Rb1 Kd7 44. a7 f5 45. Nb8+ Kc8 46. Na6 Rb7 47. Rc1+ Kd7 48. exf5 gxf5 49. Nc5+ Bxc5 50. Bxc5 Rb5 51. h4 Ra5 52. d6 Ra4 53. Rb1 1-0

[Event "BCF-ch Weekend Atkins"]
[Site "North Shields"]
[Date "2012.07.27"]
[Round "1.23"]
[White "Campini, Marco"]
[Black "Hubbard, Michael"]
[Result "1-0"]
[WhiteElo "2104"]
[BlackElo "1912"]
[PlyCount "120"]
[EventDate "2012.07.27"]
[EventType "swiss"]
[EventRounds "5"]
[EventCountry "ENG"]
[SourceTitle "EXT 2023"]
[Source "ChessBase"]
[SourceDate "2022.10.05"]
[SourceVersion "1"]
[SourceVersionDate "2022.10.05"]
[SourceQuality "1"]

1. e4 c5 2. Nc3 Nc6 3. g3 e6 4. Bg2 Nf6 5. Nge2 d5 6. exd5 exd5 7. d3 h6 8. 0-0 Be7 9. Nf4 Bg4 10. f3 Bf5 11. g4 Bh7 12. Nh3 Qd7 13. Bd2 0-0 14. Ne2 Rfe8 15. Ng3 c4 16. g5 hxg5 17. Nxg5 Bg6 18. Bh3 Qc7 19. f4 Bc5+ 20. Kh1 Be3 21. f5 Bh7 22. Nh5 Qd6 23. Nxf6+ Qxf6 24. Nxh7 Kxh7 25. dxc4 d4 26. Be1 Rh8 27. Bg3 Kg8 28. Bg2 Rd8 29. Qe2 Rh6 30. Rad1 Qg5 31. Qf3 Nb4 32. c3 Nc2 33. h4 d3 34. Kh2 Qe7 35. Qe4 Qd7 36. Bh3 Qc6 37. Qxc6 bxc6 38. Rf3 d2 39. Bf2 Bb6 40. Kg3 Ne1 41. Bxe1 dxe1Q+ 42. Rxe1 Bc7+ 43. Kg4 Rd2 44. Re8+ Kh7 45. b4 Rxa2 46. Rfe3 Rf2 47. R8e4 Rf6 48. Rf3 Ra2 49. Re7 Bd6 50. Re1 a6 51. c5 Bh2 52. Bf1 a5 53. Bc4 Ra4 54. Kh3 Bb8 55. Re8 Ba7 56. Ra8 axb4 57. Bb3 Ra5 58. cxb4 Ra1 59. Kg2 Rh6 60. Rh3 g5 1-0

[Event "Cento op 1st"]
[Site "Cento"]
[Date "2011.02.12"]
[Round "8"]
[White "Campini, Marco"]
[Black "Buriani, Andrea"]
[Result "1-0"]
[WhiteElo "2086"]
[BlackElo "2171"]
[PlyCount "135"]
[EventDate "2011.02.05"]
[EventType "swiss"]
[EventRounds "9"]
[EventCountry "ITA"]
[SourceTitle "CBM 140 Extra"]
[Source "ChessBase"]
[SourceDate "2011.03.01"]
[SourceVersion "1"]
[SourceVersionDate "2011.03.01"]
[SourceQuality "1"]

1. e4 e5 2. Nf3 Nc6 3. Bb5 a6 4. Ba4 Nf6 5. 0-0 b5 6. Bb3 Bb7 7. Re1 Be7 8. c3 0-0 9. d4 d6 10. Nbd2 exd4 11. cxd4 Nb4 12. Qe2 c5 13. a3 Nc6 14. d5 Ne5 15. Bc2 Nfd7 16. Nxe5 Nxe5 17. f4 Ng6 18. Nf3 Re8 19. Qf1 Bf6 20. Rb1 Qd7 21. Bd2 Re7 22. e5 dxe5 23. Bxg6 exf4 24. Rxe7 Qxe7 25. Bc2 c4 26. Bxf4 Bxd5 27. Qe1 Qb7 28. Qg3 Re8 29. Re1 Rxe1+ 30. Qxe1 g6 31. Qe8+ Kg7 32. Qe3 h5 33. Be5 Bxe5 34. Qxe5+ Kg8 35. Kf2 Bxf3 36. gxf3 Qb6+ 37. Ke2 Qg1 38. Kd2 Qf2+ 39. Qe2 Qd4+ 40. Kc1 Qg1+ 41. Bd1 Qg5+ 42. Qd2 Qf6 43. Kb1 Qf5+ 44. Ka1 Qf6 45. Ka2 Qe6 46. Ka1 Qf6 47. f4 a5 48. Kb1 b4 49. Qe3 bxa3 50. bxa3 Qc6 51. a4 Qd7 52. Bc2 Qb7+ 53. Ka2 Qd5 54. Qe8+ Kh7 55. Qe4 Qd2 56. f5 gxf5 57. Qxf5+ Kg8 58. h3 Qc3 59. h4 Kf8 60. Qe4 Kg8 61. Kb1 Qb4+ 62. Kc1 Qc5 63. Kd1 Qg1+ 64. Kd2 Qc5 65. Ke2 Kf8 66. Kf3 Kg8 67. Kf4 c3 68. Qe8+ 1-0

[Event "Bergamo op 09th"]
[Site "Bergamo"]
[Date "2010.07.18"]
[Round "6"]
[White "Campini, Marco"]
[Black "Gagliardi, Christian"]
[Result "0-1"]
[WhiteElo "2070"]
[BlackElo "2200"]
[PlyCount "166"]
[EventDate "2010.07.16"]
[EventType "swiss"]
[EventRounds "6"]
[EventCountry "ITA"]
[SourceTitle "EXT 2024"]
[Source "ChessBase"]
[SourceDate "2023.10.10"]
[SourceVersion "1"]
[SourceVersionDate "2023.10.10"]
[SourceQuality "1"]

1. e4 c5 2. Nf3 Nc6 3. d4 cxd4 4. Nxd4 Nf6 5. f3 g6 6. Bc4 Bg7 7. Nc3 0-0 8. Nb3 d6 9. Be3 a6 10. a3 b5 11. Bd3 Bb7 12. Qe2 Rc8 13. f4 Na5 14. Nd2 d5 15. exd5 Nxd5 16. Nxd5 Bxd5 17. Rb1 Nc4 18. Bxc4 bxc4 19. c3 Qc7 20. 0-0 e6 21. Rf2 Rb8 22. Qd1 Qc6 23. Qc2 Rb7 24. Bd4 Rfb8 25. Kf1 f6 26. Re2 Kf7 27. a4 Bf8 28. h3 Bd6 29. g3 h5 30. Kg1 Be7 31. Kh2 Qd7 32. Ne4 Bc6 33. Nc5 Bxc5 34. Bxc5 Bxa4 35. Qe4 Bc6 36. Qe3 Qd5 37. Ba3 Rd7 38. Rbe1 Re8 39. Qc5 Qxc5 40. Bxc5 Rd5 41. Bd4 Rb5 42. Ra1 a5 43. Kg1 Reb8 44. Kf2 f5 45. Ke3 Be4 46. g4 Bd3 47. Be5 Rxe5+ 48. fxe5 Bxe2 49. Kxe2 Rxb2+ 50. Ke3 hxg4 51. hxg4 Rb5 52. Kf4 g5+ 53. Kxg5 Rxe5 54. Rh1 fxg4+ 55. Kxg4 Ke7 56. Kf4 Kd6 57. Rh8 Rd5 58. Rd8+ Kc5 59. Rc8+ Kb5 60. Rb8+ Ka4 61. Rb6 Rd3 62. Ke4 Rxc3 63. Kd4 Rc1 64. Rxe6 Kb5 65. Re8 Rd1+ 66. Kc3 Rd3+ 67. Kc2 Rh3 68. Rb8+ Ka4 69. Rc8 Kb4 70. Rb8+ Ka3 71. Rc8 Rh4 72. Kc3 a4 73. Ra8 Rh3+ 74. Kxc4 Rb3 75. Ra7 Rb8 76. Rc7 Kb2 77. Rh7 a3 78. Rh2+ Kb1 79. Kc3 Rb2 80. Rh1+ Ka2 81. Rh8 Rg2 82. Rh3 Rg1 83. Kc2 Rg8 0-1

[Event "Bergamo op 09th"]
[Site "Bergamo"]
[Date "2010.07.17"]
[Round "3"]
[White "Giretti Kanev, Jasen"]
[Black "Campini, Marco"]
[Result "0-1"]
[WhiteElo "2208"]
[BlackElo "2070"]
[PlyCount "92"]
[EventDate "2010.07.16"]
[EventType "swiss"]
[EventRounds "6"]
[EventCountry "ITA"]
[SourceTitle "EXT 2024"]
[Source "ChessBase"]
[SourceDate "2023.10.10"]
[SourceVersion "1"]
[SourceVersionDate "2023.10.10"]
[SourceQuality "1"]

1. Nf3 c5 2. c4 Nc6 3. g3 g6 4. Bg2 Bg7 5. Nc3 d6 6. 0-0 Nf6 7. d4 cxd4 8. Nxd4 Bd7 9. b3 0-0 10. Bb2 a6 11. Qd2 Nxd4 12. Qxd4 Ng4 13. Qf4 Qa5 14. Qd2 Qh5 15. h3 Ne5 16. Nd5 Rae8 17. f4 Qh6 18. Ne3 Nc6 19. Ng4 Qh5 20. Bxg7 Kxg7 21. Qc3+ f6 22. Bf3 Qc5+ 23. Kg2 Nd4 24. Bxb7 Nxe2 25. Qe3 Nd4 26. Rad1 Bc6+ 27. Bxc6 Qxc6+ 28. Kh2 Nf5 29. Qe6 Qb6 30. Rd3 Rf7 31. Rfd1 a5 32. Ne3 Nxe3 33. Rxe3 Rc8 34. Rde1 Rc7 35. h4 a4 36. h5 gxh5 37. g4 h4 38. g5 Qd4 39. Rg1 Qxf4+ 40. Kh3 fxg5 41. Re4 Qf3+ 42. Kh2 h6 43. Reg4 Rf6 44. Qd5 Qxd5 45. cxd5 axb3 46. axb3 Rc2+ 0-1

[Event "Bergamo op 09th"]
[Site "Bergamo"]
[Date "2010.07.16"]
[Round "1"]
[White "Mrdja, Milan"]
[Black "Campini, Marco"]
[Result "1-0"]
[WhiteElo "2372"]
[BlackElo "2070"]
[PlyCount "87"]
[EventDate "2010.07.16"]
[EventType "swiss"]
[EventRounds "6"]
[EventCountry "ITA"]
[SourceTitle "EXT 2024"]
[Source "ChessBase"]
[SourceDate "2023.10.10"]
[SourceVersion "1"]
[SourceVersionDate "2023.10.10"]
[SourceQuality "1"]

1. e4 c5 2. Nf3 d6 3. d4 cxd4 4. Qxd4 Nc6 5. Bb5 Bd7 6. Bxc6 Bxc6 7. Nc3 Nf6 8. Bg5 Qa5 9. 0-0-0 Nd7 10. Kb1 Rc8 11. Rhe1 e5 12. Qd2 h6 13. Bh4 Nc5 14. Qe3 Ne6 15. Nd2 b5 16. Nd5 Qa4 17. b3 Qd4 18. Nf1 Qc5 19. Qd2 Bxd5 20. exd5 Nf4 21. Ne3 Kd7 22. g3 Ng6 23. Qe2 Kc7 24. c4 Be7 25. Bxe7 Nxe7 26. cxb5 Kb8 27. Qd3 Qb4 28. Rc1 e4 29. Qe2 Rc3 30. Rxc3 Qxc3 31. Rc1 Qd4 32. Rc4 Qe5 33. Qd2 Rc8 34. Rxc8+ Kxc8 35. a4 Kb8 36. Qb2 Qh5 37. Qxg7 Qe2 38. Qh8+ Kb7 39. Qb2 Qe1+ 40. Ka2 Qb4 41. g4 Kb6 42. Nc4+ Kc5 43. Qf6 Nc8 44. Qd8 1-0

[Event "Bergamo op 09th"]
[Site "Bergamo"]
[Date "2010.07.16"]
[Round "5"]
[White "Piantoni, Roberto"]
[Black "Campini, Marco"]
[Result "1/2-1/2"]
[WhiteElo "2134"]
[BlackElo "2070"]
[PlyCount "41"]
[EventDate "2010.07.16"]
[EventType "swiss"]
[EventRounds "6"]
[EventCountry "ITA"]
[SourceTitle "EXT 2024"]
[Source "ChessBase"]
[SourceDate "2023.10.10"]
[SourceVersion "1"]
[SourceVersionDate "2023.10.10"]
[SourceQuality "1"]

1. d4 d5 2. Nf3 Nf6 3. e3 e6 4. Bd3 c5 5. c3 Nc6 6. Nbd2 Bd7 7. 0-0 Qc7 8. Qe2 Bd6 9. dxc5 Bxc5 10. e4 dxe4 11. Nxe4 Be7 12. Re1 h6 13. Nxf6+ Bxf6 14. Qe4 Ne7 15. Nd4 0-0-0 16. Bf4 Qb6 17. Bg3 Bc6 18. Nxc6 Qxc6 19. Qxc6+ Nxc6 20. Rad1 Rd7 21. Bc2 1/2-1/2

[Event "Pedavena op-A 2nd"]
[Site "Pedavena"]
[Date "2006.08.04"]
[Round "6"]
[White "Biancotti, Alessandro"]
[Black "Campini, Marco"]
[Result "0-1"]
[WhiteElo "1678"]
[BlackElo "2100"]
[PlyCount "86"]
[EventDate "2006.08.01"]
[EventType "swiss"]
[EventRounds "7"]
[EventCountry "ITA"]
[SourceTitle "EXT 2023"]
[Source "ChessBase"]
[SourceDate "2022.10.05"]
[SourceVersion "1"]
[SourceVersionDate "2022.10.05"]
[SourceQuality "1"]

1. e4 d6 2. d4 g6 3. Nc3 Bg7 4. Be3 Nf6 5. Be2 0-0 6. h3 c6 7. f4 Qc7 8. Nf3 Nbd7 9. e5 Nd5 10. Nxd5 cxd5 11. Qd2 Nb6 12. b3 Bf5 13. Rc1 Rfc8 14. Bd3 Be4 15. 0-0 Bxf3 16. Rxf3 e6 17. g4 a5 18. a4 Nd7 19. exd6 Qxd6 20. f5 e5 21. Qh2 Qa3 22. fxg6 hxg6 23. Rcf1 Rf8 24. Bb5 Qe7 25. Bxd7 exd4 26. Bb5 dxe3 27. Re1 Rac8 28. Bd3 Bc3 29. Rexe3 Bd4 30. Qf4 Bxe3+ 31. Rxe3 Qc5 32. Kg2 Rce8 33. Rf3 Re1 34. Rf1 Rxf1 35. Kxf1 Re8 36. Qf6 Re6 37. Qg5 Qd4 38. Qd2 Qf6+ 39. Kg2 d4 40. Qxa5 Re3 41. Qd5 Qh4 42. Kf1 Qe1+ 43. Kg2 Rg3+ 0-1

[Event "Pedavena op-A 2nd"]
[Site "Pedavena"]
[Date "2006.08.03"]
[Round "4"]
[White "Buzzati, Francesco"]
[Black "Campini, Marco"]
[Result "1-0"]
[WhiteElo "1823"]
[BlackElo "2100"]
[PlyCount "85"]
[EventDate "2006.08.01"]
[EventType "swiss"]
[EventRounds "7"]
[EventCountry "ITA"]
[SourceTitle "EXT 2023"]
[Source "ChessBase"]
[SourceDate "2022.10.05"]
[SourceVersion "1"]
[SourceVersionDate "2022.10.05"]
[SourceQuality "1"]

1. e4 c5 2. Nf3 d6 3. d4 cxd4 4. Nxd4 Nf6 5. Nc3 a6 6. a4 Qc7 7. Be3 Nc6 8. Be2 e6 9. 0-0 Be7 10. f4 0-0 11. Qd2 Bd7 12. Rad1 Rac8 13. Bf3 Na5 14. Be2 Nc4 15. Bxc4 Qxc4 16. Ra1 Ng4 17. Rfd1 Rfd8 18. Kh1 Nxe3 19. Qxe3 Qb4 20. Ra3 Qa5 21. Rb1 Rc4 22. Nb3 Qc7 23. Nd2 Rc5 24. b4 Rh5 25. b5 a5 26. Qd3 d5 27. Rab3 Qxf4 28. Nf3 Bd6 29. h3 Bb4 30. exd5 e5 31. Ne2 Qh6 32. Ng3 Bxh3 33. Nxh5 Bg4 34. Nh2 Qxh5 35. Qg3 Bf5 36. Qxe5 Bd6 37. g4 Qxg4 38. Nxg4 Bxe5 39. Nxe5 Bxc2 40. Nc4 Bxb1 41. Rxb1 Rxd5 42. Nxa5 Rd7 43. Nxb7 1-0

[Event "Bratto op 25th"]
[Site "Bratto"]
[Date "2005.08.28"]
[Round "9"]
[White "Ori, Marco"]
[Black "Campini, Marco"]
[Result "1-0"]
[WhiteElo "2087"]
[BlackElo "2130"]
[PlyCount "99"]
[EventDate "2005.08.20"]
[EventType "swiss"]
[EventRounds "9"]
[EventCountry "ITA"]
[SourceTitle "CBM 108 Extra"]
[Source "ChessBase"]
[SourceDate "2005.11.04"]
[SourceVersion "1"]
[SourceVersionDate "2005.11.04"]
[SourceQuality "1"]

1. e4 c5 2. Nf3 d6 3. Bb5+ Nc6 4. d4 cxd4 5. Qxd4 Bd7 6. Bxc6 bxc6 7. c4 e5 8. Qd3 Be7 9. 0-0 Qc7 10. Nc3 h6 11. h3 Nf6 12. b3 Nh5 13. Rd1 Rd8 14. Qe2 g6 15. Be3 Ng7 16. Nh2 g5 17. Rac1 Be6 18. b4 0-0 19. b5 Rd7 20. bxc6 Qxc6 21. Nd5 f5 22. f3 Bd8 23. Rb1 Bf7 24. Qd3 Bg6 25. Rb5 Kh7 26. Rdb1 Ne6 27. R1b2 Rff7 28. Nf1 h5 29. Nd2 f4 30. Bf2 Kg7 31. Nb4 Qc8 32. Nd5 Qa6 33. Nb3 Rb7 34. Nb4 Qa3 35. Qd2 Rxb5 36. cxb5 Rd7 37. Nd5 Bf7 38. Rc2 Nc7 39. Rc6 Nxb5 40. Qc2 Qa4 41. Kh2 Be6 42. Nd4 Qxd4 43. Bxd4 Nxd4 44. Qa4 Nxc6 45. Qxc6 g4 46. hxg4 hxg4 47. Kg1 g3 48. Kf1 Kf7 49. a4 Bxd5 50. Qxd7+ 1-0

[Event "Bratto op 25th"]
[Site "Bratto"]
[Date "2005.08.21"]
[Round "2"]
[White "Campini, Marco"]
[Black "Agnelli, Francesco"]
[Result "1/2-1/2"]
[WhiteElo "2130"]
[BlackElo "2055"]
[PlyCount "66"]
[EventDate "2005.08.20"]
[EventType "swiss"]
[EventRounds "9"]
[EventCountry "ITA"]
[SourceTitle "CBM 108 Extra"]
[Source "ChessBase"]
[SourceDate "2005.11.04"]
[SourceVersion "1"]
[SourceVersionDate "2005.11.04"]
[SourceQuality "1"]

1. e4 c5 2. Nf3 Nc6 3. d4 cxd4 4. Nxd4 e5 5. Nb3 Nf6 6. Bg5 h6 7. Bxf6 Qxf6 8. Bc4 Qg6 9. Qf3 Bb4+ 10. c3 Be7 11. N1d2 0-0 12. Nf1 Bd8 13. Ne3 Ne7 14. Rd1 Bb6 15. 0-0 d6 16. Rd2 Bc7 17. Kh1 Bd7 18. Nc1 Kh8 19. Ne2 Rad8 20. Ng3 Qg5 21. Rfd1 g6 22. Rxd6 Bxd6 23. Rxd6 Be6 24. Rxd8 Rxd8 25. Bxe6 fxe6 26. Qf7 Ng8 27. h3 Qf6 28. Qxb7 Qxf2 29. Qc7 Rd2 30. Qxe5+ Nf6 31. Ngf5 gxf5 32. Qxf6+ Kg8 33. Qg6+ Kh8 1/2-1/2

[Event "Bratto op 24th"]
[Site "Bratto"]
[Date "2004.08.24"]
[Round "5"]
[White "Campini, Marco"]
[Black "Castelfranchi, Carlo"]
[Result "1/2-1/2"]
[WhiteElo "2173"]
[BlackElo "2086"]
[PlyCount "47"]
[EventDate "2004.08.20"]
[EventType "swiss"]
[EventRounds "9"]
[EventCountry "ITA"]
[SourceTitle "CBM 101 Extra"]
[Source "ChessBase"]
[SourceDate "2004.09.01"]
[SourceVersion "2"]
[SourceVersionDate "2004.09.01"]
[SourceQuality "1"]

1. e4 Nf6 2. e5 Nd5 3. g3 d6 4. exd6 exd6 5. Bg2 Nf6 6. Ne2 Be7 7. 0-0 0-0 8. d4 d5 9. c4 dxc4 10. Nbc3 c6 11. d5 cxd5 12. Nxd5 Nxd5 13. Qxd5 Qxd5 14. Bxd5 Nc6 15. Bxc4 Bh3 16. Re1 Bb4 17. Nc3 Nd4 18. Re4 Nc2 19. Rb1 Bf5 20. Rf4 Bg6 21. Bf1 Na3 22. Ra1 Nc2 23. Rb1 Na3 24. Ra1 1/2-1/2